| 000 | 00412nam a22001817a 4500 | ||
|---|---|---|---|
| 003 | NUST | ||
| 020 | _a978-93-325-1862-9 | ||
| 038 | _akhadija | ||
| 082 |
_a629.83 _bDOR |
||
| 100 |
_aDorf, Richerd C. _984481 |
||
| 245 | _aModern Control Systems | ||
| 250 | _a12th ed. | ||
| 260 |
_aNew Delhi : _bPearson , _c2014. |
||
| 300 |
_a1043 p. ; _b25 cm. |
||
| 500 | _aPaperback. | ||
| 563 | _aPB | ||
| 942 |
_cBK _2ddc |
||
| 999 |
_c33892 _d33892 |
||